| 000 | 00854nam a2200301Ia 4500 | ||
|---|---|---|---|
| 001 | Z_1804 | ||
| 003 | CHAP | ||
| 008 | 220113s1996 xx 000 0 und d | ||
| 010 | _a164896 | ||
| 040 | _cCHAP | ||
| 090 | _aTesis L 1215 | ||
| 100 |
_aLópez Pérez, Elvia _968223 |
||
| 245 |
_aEvaluación de veza común (Vicia sativa.) en dietas para conejas reproductoras / _cpor Elvia López Pérez |
||
| 260 |
_aMontecillo, Méx. : _bEl autor, _c1996 |
||
| 300 | _a115 h. | ||
| 440 | _a | ||
| 502 | _aTesis (Maestro en Ciencias Especialista en Ganadería) -- C. P. | ||
| 503 | _a | ||
| 650 |
_aArveja I. Colegio de Postgraduados _9138957 |
||
| 650 |
_aConejos _xAlimentación _926353 |
||
| 650 |
_aConejos _xReproducción _926378 |
||
| 901 | _aTesis L 1215 | ||
| 902 | _aA | ||
| 910 | _a1996 | ||
| 942 | _c2 | ||
| 942 | _c2 | ||
| 999 |
_c164896 _d164896 |
||